La réponse commence par B - Statistiques

Statistiques générales
  • Ce quiz a été pris 1 961 fois
  • Le résultat moyen est 13 sur 20
Statistiques - réponses
Indices Réponses % Correct
Sport de combat avec des gants matelassés Boxe
99%
Petit faon de chez Disney Bambi
94%
Maillot de bain composé de deux pièces Bikini
94%
On y fait tomber des quilles à l'aide d'une boule Bowling
92%
Chanteur jamaïcain mort en 1981 Bob Marley
84%
Chaussure traditionnelle en cuir dans le monde arabo-musulman Babouche
83%
Langage utilisé par les aveugles et les malvoyants Braille
83%
Capitale de la Thailande Bangkok
78%
Il est le plus connu des ennemis de Mario Bowser
78%
Elephant roi de Celesteville Babar
63%
Il en existe + de 1000 différentes en Belgique Bière
61%
44ème Président des Etats-Unis Barack Obama
58%
Il a été interprété par Val Kilmer, George Clooney, Ben Affleck, ou encore Adam West Batman
58%
Il a volé le précieux de Gollum Bilbon
51%
Cela peut être une plante aromatique ou une créature mythologique de forme serpentine Basilic
48%
Ville d'où Sacha débuté son aventure dans Pokemon Bourg-Palette
36%
Poètes et chanteurs celte Barde
35%
Série TV spin-off de Breaking Bad Better Call Saul
31%
Dites trois fois son nom pour le faire apparaître Beetlejuice
20%
En 2019, il devient champion du monde en solo sur Fortnite Bugha
14%
Aucun quiz correspondant
Distribution des résultats
% des personnes avec chaque résultat
Percentile par nombre de réponses
Votre historique - résultats
Vous n’avez pas pris ce quiz